Austria-Hungary and Present Day Countries - Map Quiz - Statistics

General Stats
  • This quiz has been taken 423 times
  • The average score is 13 of 13
Answers on the Map
Answers color-coded by a green-red scale on the quiz's map according to % correct below.
 
Answer Stats
Country % Correct
Austria
100%
Hungary
100%
Slovakia
100%
Bosnia and Herzegovina
99%
Croatia
99%
Czech Republic
99%
Slovenia
99%
Romania
98%
Serbia
98%
Italy
96%
Montenegro
96%
Poland
96%
Ukraine
96%
No matching quizzes found
Score Distribution
Percent of People with Each Score
Percentile by Number Answered
Your Score History
You have not taken this quiz